[Event "Bansko Grand Chess Open"]
[Site "Bansko BUL"]
[Date "2010.12.19"]
[Round "9.2"]
[White "Nabaty, Tamir"]
[Black "Cheparinov, Ivan"]
[Result "1/2-1/2"]
[WhiteTitle "IM"]
[BlackTitle "GM"]
[WhiteElo "2529"]
[BlackElo "2668"]
[WhiteFideId "2809052"]
[BlackFideId "2905540"]
[EventDate "2010.12.13"]
[EventType "swiss"]

1. e4 c6 2. d4 d5 3. Nc3 dxe4 4. Nxe4 Bf5 5. Ng3 Bg6 6. Nf3 Nd7 7. Bc4 e6 8. O-O
Ngf6 9. Qe2 Be7 10. c3 Qc7 11. a4 a5 12. Bd2 Nd5 13. Rae1 O-O 14. Ng5 N7b6 15.
Bb3 Nf4 16. Bxf4 Qxf4 17. Nh3 Qc7 18. f4 Bd6 19. Qg4 c5 20. f5 exf5 21. Nxf5 c4 1/2-1/2

[Event "Bansko Grand Chess Open"]
[Site "Bansko BUL"]
[Date "2010.12.19"]
[Round "9.3"]
[White "Arnaudov, G. Petar"]
[Black "Mastrovasilis, Athanasios"]
[Result "1/2-1/2"]
[WhiteTitle "IM"]
[BlackTitle "GM"]
[WhiteElo "2468"]
[BlackElo "2556"]
[WhiteFideId "2907127"]
[BlackFideId "4201990"]
[EventDate "2010.12.13"]
[EventType "swiss"]

1. Nf3 f5 2. d4 Nf6 3. g3 g6 4. Bg2 Bg7 5. O-O O-O 6. Nbd2 d6 7. Re1 Nc6 8. e4
Nxe4 9. Nxe4 fxe4 10. Rxe4 Bf5 11. Re1 Qd7 12. c3 Kh8 13. Qb3 Rab8 14. d5 Ne5
15. Nxe5 Bxe5 16. Be3 b6 17. Qc4 e6 18. Rad1 Bg7 19. dxe6 1/2-1/2

[Event "Bansko Grand Chess Open"]
[Site "Bansko BUL"]
[Date "2010.12.19"]
[Round "9.6"]
[White "Savchenko, Boris"]
[Black "Berbatov, Kiprian"]
[Result "1/2-1/2"]
[WhiteTitle "GM"]
[BlackTitle "IM"]
[WhiteElo "2632"]
[BlackElo "2461"]
[WhiteFideId "4147332"]
[BlackFideId "2910446"]
[EventDate "2010.12.13"]
[EventType "swiss"]

1. e4 c5 2. Nf3 d6 3. d4 cxd4 4. Nxd4 Nf6 5. Nc3 a6 6. Be3 e6 7. g4 h6 8. Qf3
Nc6 9. Rg1 Bd7 10. O-O-O Rc8 11. Nxc6 Rxc6 12. Bd3 Rxc3 13. bxc3 Qa5 14. Kd2 Bc6
15. Rb1 Qe5 16. Rb4 d5 17. Bf4 Nxe4+ 18. Bxe4 dxe4 19. Qg3 Qc5 20. Rd4 Be7 21.
Be3 O-O 22. Rxe4 Qa5 23. Qe5 Qxa2 24. Rd4 Bf6 25. Qc7 Bxd4 26. cxd4 f6 27. h4
Rf7 28. Qd8+ Rf8 29. Qc7 Be4 30. g5 fxg5 31. hxg5 h5 32. g6 e5 33. dxe5 Bf5 34.
Rg5 Qe6 35. Bd4 Bxg6 36. Qxb7 Kh7 37. Qb3 Qxb3 38. cxb3 Rf5 39. Rxf5 Bxf5 40. f3
g5 41. b4 1/2-1/2

[Event "Bansko Grand Chess Open"]
[Site "Bansko BUL"]
[Date "2010.12.19"]
[Round "9.7"]
[White "Collas, Silvia"]
[Black "Nikolaidis, Ioannis"]
[Result "1/2-1/2"]
[WhiteTitle "IM"]
[BlackTitle "GM"]
[WhiteElo "2300"]
[BlackElo "2552"]
[WhiteFideId "2902265"]
[BlackFideId "4202139"]
[EventDate "2010.12.13"]
[EventType "swiss"]

1. d4 Nf6 2. Nf3 e6 3. c4 c5 4. d5 d6 5. Nc3 exd5 6. cxd5 a6 7. a4 g6 8. Nd2
Nbd7 9. e4 Bg7 10. Nc4 Nb6 11. Ne3 Bd7 12. Be2 O-O 13. O-O Re8 14. Qc2 Rb8 15.
Bd2 Nc8 16. Rfb1 b5 17. axb5 axb5 18. b4 c4 19. Ra5 Qe7 20. Bf3 h5 21. g3 Ng4
22. Nxg4 hxg4 23. Bg2 Be5 24. Be3 Qf6 25. Rc1 Kh7 26. Qd2 Rh8 27. Bh1 Kg8 28. h4
gxh3 29. Kh2 Qd8 30. f4 Bg7 31. Bd4 Qf8 32. Re1 f6 33. Rea1 Kf7 34. Ra8 Ne7 35.
R8a7 Qd8 36. Bf3 Nc8 37. R7a5 Rb7 38. Qd1 Ke8 39. R1a3 Kf7 40. Ra1 Qc7 1/2-1/2

[Event "Bansko Grand Chess Open"]
[Site "Bansko BUL"]
[Date "2010.12.19"]
[Round "9.9"]
[White "Perunovic, Miodrag"]
[Black "Dobrev, Nanko"]
[Result "0-1"]
[WhiteTitle "IM"]
[BlackTitle "IM"]
[WhiteElo "2465"]
[BlackElo "2376"]
[WhiteFideId "919993"]
[BlackFideId "2901633"]
[EventDate "2010.12.13"]
[EventType "swiss"]

1. d4 d5 2. c4 e6 3. Nc3 Be7 4. cxd5 exd5 5. Bf4 c6 6. Qc2 Nf6 7. e3 Bg4 8. h3
Bh5 9. Bd3 Bg6 10. Nf3 Na6 11. a3 Nc7 12. O-O O-O 13. Ne5 Bxd3 14. Qxd3 Ne6 15.
Bh2 Ng5 16. Rad1 Nge4 17. Ne2 Re8 18. f3 Nd6 19. Nc3 Bf8 20. Rd2 Nd7 21. Nxd7
Qxd7 22. e4 Nc4 23. Re2 b5 24. e5 a5 25. f4 Qb7 26. f5 b4 27. axb4 Qxb4 28. Rff2
a4 29. f6 Re6 30. fxg7 Bxg7 31. Bf4 a3 32. Na2 Qb6 33. b3 Nb2 34. Qf3 Qxd4 35.
Be3 Qd1+ 36. Rf1 Qd3 37. Qxf7+ Kh8 38. Qxe6 Qxe2 39. Bh6 Qxe5 40. Bxg7+ Qxg7 41.
Qxc6 Rd8 42. Qe6 d4 43. Rf7 Qg5 44. Re7 Qg6 45. Qe5+ Kg8 46. h4 d3 47. h5 Qg4
48. Re8+ Rxe8 49. Qxe8+ Kg7 50. Qe7+ Kh6 51. Qxa3 Qd4+ 52. Kh2 d2 53. Qf8+ Kxh5
54. Qf3+ Kg5 55. Nc3 Qf4+ 56. Qxf4+ Kxf4 57. b4 Ke3 58. b5 Na4 59. b6 Nxb6 60.
Kg1 Na4 0-1

[Event "Bansko Grand Chess Open"]
[Site "Bansko BUL"]
[Date "2010.12.19"]
[Round "9.10"]
[White "Videnova, Iva"]
[Black "Georgiev, Krum"]
[Result "1/2-1/2"]
[WhiteTitle "WIM"]
[BlackTitle "GM"]
[WhiteElo "2269"]
[BlackElo "2422"]
[WhiteFideId "2907763"]
[BlackFideId "2900092"]
[EventDate "2010.12.13"]
[EventType "swiss"]

1. c4 g6 2. Nc3 Bg7 3. g3 c5 4. Bg2 Nc6 5. e3 d6 6. Nge2 Bf5 7. e4 Bd7 8. O-O
Nf6 9. d3 O-O 10. a3 Ne8 11. Rb1 Nc7 12. f4 Rb8 13. b4 cxb4 14. axb4 b5 15. Be3
bxc4 16. dxc4 Rxb4 17. Rxb4 Nxb4 18. Bxa7 Nca6 19. Be3 Qa5 20. Nd5 Nxd5 21. cxd5
Bb5 22. Re1 Rc8 23. Nd4 Ba4 24. Qe2 Rc4 25. e5 dxe5 26. Nc6 Bxc6 27. dxc6 e4 28.
Bf2 Rxc6 29. Qxe4 Rc8 30. Qxe7 Nb4 31. Qd7 Qd8 32. Rd1 Qxd7 33. Rxd7 Bf6 34. Bb7
Rd8 35. Rxd8+ Bxd8 36. Bc5 Nd3 37. Bd6 Bb6+ 38. Kf1 Nc5 39. Bxc5 Bxc5 1/2-1/2

[Event "Bansko Grand Chess Open"]
[Site "Bansko BUL"]
[Date "2010.12.19"]
[Round "9.13"]
[White "Zygouris, Hristos"]
[Black "Strelnikov, Sergey"]
[Result "0-1"]
[WhiteElo "2225"]
[BlackElo "2419"]
[WhiteFideId "4200292"]
[BlackFideId "14113473"]
[EventDate "2010.12.13"]
[EventType "swiss"]

1. c4 g6 2. g3 Bg7 3. Bg2 c5 4. Nc3 Nc6 5. Nf3 e6 6. d3 Nge7 7. Bg5 h6 8. Bd2 d5
9. a3 O-O 10. Rb1 b6 11. Qc1 Kh7 12. b4 cxb4 13. axb4 dxc4 14. dxc4 Bb7 15. O-O
Rb8 16. Rd1 Qc8 17. Nb5 Rd8 18. c5 Nf5 19. g4 Ba6 20. Nc3 Nfd4 21. Nxd4 Nxd4 22.
b5 Bxb5 23. Rxb5 Nxb5 24. Nxb5 Qxc5 25. Qb1 Qe7 26. Bf4 Rxd1+ 27. Qxd1 Rd8 28.
Qa4 a6 29. Qxa6 Rd1+ 30. Bf1 Qb4 31. e3 Qc4 32. Nc7 Rxf1+ 33. Kg2 Qxa6 0-1

[Event "Bansko Grand Chess Open"]
[Site "Bansko BUL"]
[Date "2010.12.19"]
[Round "9.14"]
[White "Dimitrov, Radoslav"]
[Black "Yakimenko, Alexander A."]
[Result "0-1"]
[WhiteTitle "IM"]
[WhiteElo "2410"]
[BlackElo "2194"]
[WhiteFideId "2908549"]
[BlackFideId "24141917"]
[EventDate "2010.12.13"]
[EventType "swiss"]

1. e4 e6 2. d4 d5 3. Nc3 Bb4 4. Ne2 Nf6 5. Bg5 dxe4 6. a3 Be7 7. Ng3 Nbd7 8.
Ncxe4 Nxe4 9. Bxe7 Qxe7 10. Nxe4 e5 11. d5 O-O 12. Qd2 Nb6 13. c4 Bf5 14. Qc2
Bxe4 15. Qxe4 f5 16. Qc2 Qg5 17. Qd2 Qh4 18. Qc3 Na4 19. Qe3 f4 20. Qb3 Nc5 21.
Qc2 e4 22. O-O-O a5 23. f3 e3 24. Bd3 a4 25. Qc3 b6 26. Bc2 Rae8 27. g3 Qh3 28.
Rde1 Re7 29. gxf4 Qxf3 30. f5 Qf4 31. Rhf1 Qg5 32. Kb1 Ne4 33. Bxe4 Rxe4 34. Rg1
Qh6 35. Rg3 e2 36. Rg2 Rfe8 37. f6 g6 38. Qf3 Qf4 39. Qxf4 Rxf4 40. Rgxe2 Rxe2
41. Rxe2 Rxf6 42. Kc2 Rf3 43. Re8+ Rf8 44. Re3 Rf2+ 45. Kc3 Rxh2 46. Re7 g5 47.
Rxc7 g4 48. d6 Kf8 49. Rc8+ Kf7 50. d7 Rh3+ 51. Kd2 0-1

[Event "Bansko Grand Chess Open"]
[Site "Bansko BUL"]
[Date "2010.12.19"]
[Round "9.16"]
[White "Hristodoulou, Panagiotis"]
[Black "Kukov, Velislav"]
[Result "0-1"]
[BlackTitle "FM"]
[WhiteElo "2207"]
[BlackElo "2355"]
[WhiteFideId "4214340"]
[BlackFideId "2906139"]
[EventDate "2010.12.13"]
[EventType "swiss"]

1. e4 c6 2. d4 d5 3. f3 Qb6 4. Nc3 e6 5. a3 Nf6 6. Bg5 h6 7. Bh4 g5 8. Bf2 dxe4
9. fxe4 Ng4 10. Na4 Qa5+ 11. c3 Nxf2 12. Kxf2 Nd7 13. b4 Qc7 14. Qf3 Bg7 15. Bd3
e5 16. Ne2 Nf6 17. h3 Bd7 18. Nc5 O-O-O 19. Nxd7 Rxd7 20. b5 c5 21. d5 c4 22.
Bc2 Ne8 23. Ng3 Bf8 24. Ke2 Bc5 25. a4 Bb6 26. h4 Rg8 27. hxg5 hxg5 28. Nf5 Nd6
29. Rh6 Nxf5 30. Qxf5 Qc5 31. Qf3 g4 32. Qg3 Rd6 33. Rah1 Rxh6 34. Rxh6 Qg1 35.
Bd1 Qc5 36. Bc2 Qa3 37. Qxe5 Qc1 38. Qf5+ Kb8 39. Qe5+ Bc7 0-1

[Event "Bansko Grand Chess Open"]
[Site "Bansko BUL"]
[Date "2010.12.19"]
[Round "9.18"]
[White "Velchev, Hristo"]
[Black "Pavlidou, Ekaterini"]
[Result "1-0"]
[WhiteTitle "FM"]
[BlackTitle "WIM"]
[WhiteElo "2322"]
[BlackElo "2188"]
[WhiteFideId "2906481"]
[BlackFideId "4213262"]
[EventDate "2010.12.13"]
[EventType "swiss"]

1. e4 c5 2. Nf3 Nc6 3. d4 cxd4 4. Nxd4 Nf6 5. Nc3 e5 6. Ndb5 d6 7. Bg5 a6 8. Na3
b5 9. Nd5 Be7 10. Bxf6 Bxf6 11. c4 b4 12. Nc2 a5 13. g3 O-O 14. Bg2 Be6 15. O-O
Rc8 16. Qd3 Bxd5 17. exd5 Nb8 18. a3 bxa3 19. Nxa3 Na6 20. Nb5 Nc5 21. Qc2 Ra8
22. Ra3 Qb8 23. b3 Re8 24. Rfa1 g6 25. b4 Nd3 26. Qxd3 e4 27. Qb1 Bxa1 28. Rxa1
e3 29. fxe3 Qb6 30. bxa5 Qxe3+ 31. Kf1 Qc5 32. Bh1 Re3 33. a6 f5 34. a7 g5 35.
Nxd6 f4 36. gxf4 gxf4 37. Nf5 Rxa7 38. Rxa7 Qxa7 39. Nxe3 fxe3 40. Bf3 1-0

[Event "Bansko Grand Chess Open"]
[Site "Bansko BUL"]
[Date "2010.12.19"]
[Round "9.21"]
[White "Kolev, Vasil"]
[Black "Kjurkchiiski, Georgi"]
[Result "1-0"]
[WhiteElo "1991"]
[BlackElo "2265"]
[WhiteFideId "2907844"]
[BlackFideId "2901153"]
[EventDate "2010.12.13"]
[EventType "swiss"]

1. d4 Nf6 2. c4 g6 3. Nc3 Bg7 4. e4 d6 5. f3 O-O 6. Be3 e5 7. d5 c6 8. Bd3 cxd5
9. cxd5 a6 10. Nge2 Nbd7 11. O-O Nh5 12. b4 Nf4 13. Qd2 f5 14. Bc2 Nf6 15. Nxf4
exf4 16. Bd4 fxe4 17. Nxe4 Nxe4 18. Bxe4 Bd7 19. Rac1 Rc8 20. Bxg7 Kxg7 21. Rxc8
Qb6+ 22. Rc5 Kg8 23. Rc1 a5 24. Qf2 dxc5 25. bxc5 Qb4 26. h4 Bf5 27. Bxf5 gxf5
28. c6 bxc6 29. dxc6 Qe7 30. c7 Rc8 31. Qc5 Qe3+ 32. Qxe3 fxe3 33. f4 Kf7 34.
Kf1 Ke7 35. Ke2 Kd7 36. Kxe3 Rxc7 37. Rxc7+ Kxc7 38. Kd4 Kd6 39. a4 Ke6 40. Kc5
h5 41. Kc6 Ke7 42. Kd5 1-0

[Event "Bansko Grand Chess Open"]
[Site "Bansko BUL"]
[Date "2010.12.19"]
[Round "9.22"]
[White "Stefanov, Evtim"]
[Black "Gochev, Mladen"]
[Result "0-1"]
[WhiteElo "1944"]
[BlackElo "2261"]
[WhiteFideId "2907070"]
[BlackFideId "2900718"]
[EventDate "2010.12.13"]
[EventType "swiss"]

1. e4 c5 2. Nf3 g6 3. h4 h5 4. Bc4 Nc6 5. d4 cxd4 6. Nxd4 Nf6 7. Nc3 Bg7 8. Be3
O-O 9. f3 Qb6 10. Qd3 Ne5 11. Qe2 Qxb2 12. Kf2 Qxc3 13. Bb3 Nfg4+ 14. fxg4 Nxg4+
15. Kf3 Bxd4 0-1

[Event "Bansko Grand Chess Open"]
[Site "Bansko BUL"]
[Date "2010.12.19"]
[Round "9.23"]
[White "Dichev, Nedelcho"]
[Black "Hristov, Kaloyan"]
[Result "1-0"]
[WhiteElo "2142"]
[BlackElo "1608"]
[WhiteFideId "2901749"]
[BlackFideId "2910837"]
[EventDate "2010.12.13"]
[EventType "swiss"]

1. Nf3 Nf6 2. g3 b6 3. Bg2 Bb7 4. c4 e6 5. b3 Be7 6. Bb2 O-O 7. O-O d5 8. e3
Nbd7 9. d4 c5 10. Nbd2 Rc8 11. Rc1 h6 12. Qe2 Re8 13. Rfd1 Bd6 14. Ne5 Qc7 15.
f4 Qb8 16. g4 Nf8 17. h4 dxc4 18. bxc4 Bxg2 19. Qxg2 cxd4 20. exd4 Qa8 21. g5
Qxg2+ 22. Kxg2 Nh5 23. Kf3 Ng6 24. Ne4 Bb8 25. gxh6 Nhxf4 26. hxg7 Kxg7 27. Nxg6
fxg6 28. d5+ e5 29. d6 Rcd8 30. c5 bxc5 31. Rxc5 Kh6 32. Rxe5 Rf8 33. Bc1 Rf7
34. Bxf4+ Kg7 35. Ng5 Rxf4+ 36. Kxf4 Rxd6 37. Rxd6 Bxd6 38. Ke4 Bxe5 39. Kxe5 1-0

[Event "Bansko Grand Chess Open"]
[Site "Bansko BUL"]
[Date "2010.12.19"]
[Round "9.25"]
[White "Bozilov, Dragan"]
[Black "Gvetadze, Sopio"]
[Result "0-1"]
[BlackTitle "IM"]
[WhiteElo "1915"]
[BlackElo "2350"]
[WhiteFideId "906620"]
[BlackFideId "13601440"]
[EventDate "2010.12.13"]
[EventType "swiss"]

1. d4 Nf6 2. c4 e6 3. Nf3 d5 4. Nc3 Bb4 5. cxd5 exd5 6. Bg5 Nbd7 7. e3 c5 8. Bd3
Qa5 9. Qc2 c4 10. Bf5 O-O 11. O-O Re8 12. Nd2 g6 13. Bh3 Kg7 14. Rfe1 Nb6 15.
Bxc8 Raxc8 16. Bxf6+ Kxf6 17. a4 Kg7 18. f3 Rcd8 19. Re2 Re6 20. Kf2 Nc8 21. Rd1
Ne7 22. Na2 Bd6 23. g3 Nf5 24. b3 Rde8 25. Rde1 cxb3 26. Nxb3 Qd8 27. e4 dxe4
28. fxe4 Nxg3 29. hxg3 Bxg3+ 30. Kxg3 Qg5+ 31. Kh2 Qh4+ 32. Kg2 Qg4+ 33. Kh2 g5
34. Rg2 Qh4+ 0-1

[Event "Bansko Grand Chess Open"]
[Site "Bansko BUL"]
[Date "2010.12.19"]
[Round "9.26"]
[White "Nikolova, Adriana"]
[Black "Georgiev, Dimitar"]
[Result "1-0"]
[WhiteTitle "WIM"]
[WhiteElo "2328"]
[BlackElo "1873"]
[WhiteFideId "2908689"]
[BlackFideId "2912171"]
[EventDate "2010.12.13"]
[EventType "swiss"]

1. e4 e5 2. Nf3 Nc6 3. Bb5 a6 4. Ba4 b5 5. Bb3 f5 6. d4 fxe4 7. Nxe5 Nxe5 8.
Qh5+ Ng6 9. Qd5 Qf6 10. Qxa8 Kd8 11. Bxg8 Rxg8 12. Qd5 Bb4+ 13. c3 Ne7 14. Qxe4
d5 15. Qe2 Bd6 16. Nd2 Qg6 17. Nf3 Bg4 18. h3 Qh5 19. Be3 Rf8 20. O-O-O Bxf3 21.
gxf3 Rxf3 22. Rdg1 Bf4 23. Rg4 Bxe3+ 24. fxe3 Rg3 25. Rh2 Rxh3 26. Rxh3 Qxh3 27.
Rxg7 Nf5 28. Rg8+ Kd7 29. Kc2 c5 30. dxc5 Nxe3+ 31. Kd2 Nc4+ 32. Ke1 Qh1+ 33.
Kf2 Qh2+ 34. Rg2 Qf4+ 35. Qf3 Qd2+ 36. Kg3 Qg5+ 37. Kh2 Qh6+ 38. Qh3+ Qxh3+ 39.
Kxh3 Ne3 40. Re2 Nc4 41. b3 Na5 42. Re5 Nb7 43. b4 a5 44. Rxd5+ Kc6 45. Rh5 axb4
46. cxb4 Nd8 47. Rxh7 Ne6 48. Rh6 1-0

[Event "Bansko Grand Chess Open"]
[Site "Bansko BUL"]
[Date "2010.12.19"]
[Round "9.27"]
[White "Tomov, Georgi"]
[Black "Petrov, Vladimir Sergeev"]
[Result "1-0"]
[WhiteElo "2286"]
[BlackElo "1778"]
[WhiteFideId "2908964"]
[BlackFideId "2902940"]
[EventDate "2010.12.13"]
[EventType "swiss"]

1. Nf3 Nf6 2. c4 c5 3. Nc3 Nc6 4. d4 cxd4 5. Nxd4 g6 6. g3 Bg7 7. Bg2 O-O 8. O-O
Nxd4 9. Qxd4 d6 10. Qd3 Nd7 11. b3 Nc5 12. Qd2 Bf5 13. Bb2 Qa5 14. Rfd1 Rfe8 15.
h3 Rac8 16. e4 Be6 17. Rab1 a6 18. Ba1 Nd7 19. a4 Qh5 20. Nd5 Bxd5 21. exd5 Bxa1
22. Rxa1 Nc5 23. Rab1 Qf5 24. a5 Nd7 25. Qc3 Qe5 26. Rd4 Rc7 27. Re1 Qf6 28. Qe3
e5 29. dxe6 Rxe6 30. Re4 Nc5 31. Rxe6 Nxe6 32. Qb6 Qe7 33. Bd5 Rd7 34. b4 Kf8
35. b5 axb5 36. cxb5 Qd8 37. Qxd8+ Nxd8 38. b6 Re7 39. Rxe7 Kxe7 40. Bxb7 Kd7
41. a6 1-0

[Event "Bansko Grand Chess Open"]
[Site "Bansko BUL"]
[Date "2010.12.19"]
[Round "9.28"]
[White "Velikov, Georgi"]
[Black "Todorov, Momchil"]
[Result "0-1"]
[WhiteElo "1737"]
[BlackElo "2205"]
[WhiteFideId "2913755"]
[BlackFideId "2906350"]
[EventDate "2010.12.13"]
[EventType "swiss"]

1. d4 Nf6 2. c4 g6 3. Nc3 d5 4. Bg5 Bg7 5. cxd5 Nxd5 6. e4 Nxc3 7. bxc3 c5 8.
Nf3 O-O 9. Bc4 Nc6 10. Be3 Bg4 11. e5 cxd4 12. cxd4 Qd7 13. Qd2 Rad8 14. Rd1
Bxf3 15. gxf3 Qh3 16. Ke2 Nxe5 17. dxe5 Rxd2+ 18. Rxd2 Bxe5 19. Bxa7 Rc8 20. Bb3
Kg7 21. Rhd1 Rc7 22. Rd5 Bf6 23. R5d3 Qxh2 24. Bb8 Bh4 25. Rf1 Qe5+ 26. Kd1 Bg5 0-1

[Event "Bansko Grand Chess Open"]
[Site "Bansko BUL"]
[Date "2010.12.19"]
[Round "9.30"]
[White "Shivacheva, Donika"]
[Black "Ljangov, Petar"]
[Result "0-1"]
[WhiteElo "1690"]
[BlackElo "2090"]
[WhiteFideId "2900840"]
[BlackFideId "2901277"]
[EventDate "2010.12.13"]
[EventType "swiss"]

1. e4 c5 2. Nc3 d6 3. f4 Nf6 4. g3 Nc6 5. Bg2 g6 6. Nf3 Bg7 7. d3 O-O 8. O-O Ne8
9. Nh4 e6 10. f5 exf5 11. exf5 Nd4 12. fxg6 hxg6 13. Nd5 Nf5 14. Nxf5 Bxf5 15.
Ne3 Bc8 16. c3 Nf6 17. Nd5 Nxd5 18. Bxd5 Qc7 19. Bg5 Be6 20. Bxe6 fxe6 21. Qg4
Rf5 22. Rae1 Qf7 23. Rxf5 exf5 24. Qa4 Bf8 25. a3 a6 26. Qc4 b5 27. Qxf7+ Kxf7
28. Kf2 Ra7 29. d4 cxd4 30. cxd4 Rc7 31. Rc1 Rxc1 32. Bxc1 Ke6 33. Ke3 Bh6+ 0-1